| 000 | 00607nam a2200193 a 4500 | ||
|---|---|---|---|
| 005 | 20240925064131.0 | ||
| 008 | 991125s1974 mx 000 0 spa u | ||
| 035 | _aUPN01000014356 | ||
| 049 | _aCG | ||
| 050 | 4 |
_aRJ499 _bB3.38 |
|
| 100 | 1 |
_aBakwin, Harry, _d1894-1973 _932375 |
|
| 245 | 1 | 0 |
_aDesarrollo psicológico del niño : _bnormal y patológico / _cHarry Bakwin, Ruth Morris Bakwin. |
| 260 |
_aMéxico : _bInteramericana, _c1974. |
||
| 300 |
_a619 p. : _bil. |
||
| 650 | 4 |
_aNiño, Estudio del _9221 |
|
| 650 | 4 |
_aPsiquiatría infantil _99358 |
|
| 700 | 1 |
_aBakwin, Ruth Morris, _ecoaut. |
|
| 905 | _aLibro | ||
| 999 |
_c14356 _d14356 |
||